000
00315nam a22001217a 4500
005
20240424160337.0
008
191210s1996 ck a|||br|||| 00| 0 spa d
040
_a
CO-JMCR
_c
CO-JMCR
245
1
0
_a
Caja Viajera BibloRed
546
0
_a
Textos en EspaƱol e Ingles.
999
_c
30748
_d
17132